000 01401nam a2200265Ia 4500
999 _c55152
_d55152
001 22227
003 GE_BSU
005 20221216105919.0
008 181216s ||||ge |||||||||||||| ||geo||
020 _a9789941132919
040 _cGE_BSU
041 _ageo
080 _a811.353.1-26 გ-59
100 _aგოგოლაშვილი, გიორგი
_92128
245 _aქართული სალიტერატურო ენა :
_bნარკვევები /
_cგიორგი გოგოლაშვილი ; გიორგი ცოცანიძე.
264 _aთბილისი :
_bთსუ-ს გამომცემლობა,
_c2013.
300 _a316 გვ. ;
_c21 სმ.
541 _h6ლ.80თ.
653 _aქართული ენა
653 _aქართული სალიტერატურო ენა
653 _aნარკვევები
700 _aცოცანიძე, გიორგი
_eრედაქტორი
_94453
710 _aთბილისის ივანე ჯავახიშვილის სახელობის სახელმწიფო უნივერსიტეტი
_bარნოლდ ჩიქობავას სახელობის ენათმეცნიერების ინსტიტუტი
_916450
942 _cBK
_2udc